000 00618nam a2200205Ia 4500
003 Ost
005 20260507075137.0
008 260507s9999||||xx |||||||||||||| ||und||
020 _a2496249960
040 _cfsecg
041 _aara
082 _a330
100 _aجونز، جاريث
_eمؤلف
245 0 _aالادارة الاستراتيجية "الحالات العملية" /
_c جاريث جونز
260 _aالرياض:
_bدار المريخ للنشر,
_c2001
300 _a1575 صفحة؛
653 _aادارة استراتيجية
653 _aحالات عملية
942 _cكتاب
999 _c43277
_d43277